000 01262nam a2200289 i 4500
001 22081
003 ES-MaACL
005 20260301183426.0
007 t|
008 021129s1875 sp ||||1| spa d
080 _a34(460)"12"(094.4)
245 0 4 _aLas Siete Partidas /
_ccompendiadas y anotadas por Don José Muro Martínez ; editor Don Mariano Muro López Salgado.
260 _aValladolid :
_bImp., Librería... y Taller de Grabado de Gaviria y Zapatero,
_c1875.
300 _a2 v. (XLIV, 581 p. ; 452 p.) :
_bil. ;
_c23 cm.
505 8 _aContiene: I. Partidas primera, segunda y tercera - II. Partidas cuarta, quinta, sexta y séptima
530 _aDisponible en formato digital.
594 _aFormadas por Alfonso X, el Sabio, y publicadas por Alfonso XI
597 _aRetrato de Alfonso X
650 7 _aDerecho-
_zCastilla (Reino)
_2
_9165029
700 0 _aAlfonso
_bX,
_cRey de Castilla
_919872
700 0 _aAlfonso
_bXI,
_cRey de Castilla
_919873
700 1 _aMuro Martínez, José.
_984614
700 1 _aMuro López Salgado, Mariano.
_9173792
852 4 _aES-MaACL
_jG-7990-91
856 4 _uhttps://bibliotecadigital.jcyl.es/es/consulta/registro.do?id=30087
_zBiblioteca Digital de Castilla y León
999 _c22081
_d22081